Snatak mahalar bharatarb sikshar itihas (Record no. 7394)
[ view plain ]
| 000 -LEADER | |
|---|---|
| fixed length control field | 00592cam a2200229ua 4500 |
| 008 - FIXED-LENGTH DATA ELEMENTS--GENERAL INFORMATION | |
| fixed length control field | 150127n ii |||gr||||Z||||||asm |
| 020 ## - INTERNATIONAL STANDARD BOOK NUMBER | |
| International Standard Book Number | 9788191098303 |
| 040 ## - CATALOGING SOURCE | |
| Transcribing agency | MAIN |
| 041 ## - LANGUAGE CODE | |
| -- | asm |
| 082 ## - DEWEY DECIMAL CLASSIFICATION NUMBER | |
| Classification number | 370.954 |
| 100 1# - MAIN ENTRY--PERSONAL NAME | |
| Personal name | Chaliha, Beda Kr, |
| Relator term | |
| 245 1# - TITLE STATEMENT | |
| Title | Snatak mahalar bharatarb sikshar itihas |
| Statement of responsibility, etc. | by Beda Kr. Chaliha |
| 250 ## - EDITION STATEMENT | |
| Edition statement | 2nd rev. |
| 260 ## - PUBLICATION, DISTRIBUTION, ETC. | |
| Place of publication, distribution, etc. | Jorhat: |
| Name of publisher, distributor, etc. | Bidya Bhawan, |
| Date of publication, distribution, etc. | 2012. |
| 300 ## - PHYSICAL DESCRIPTION | |
| Extent | 310p. |
| 700 ## - ADDED ENTRY--PERSONAL NAME | |
| Personal name | Saikia, Tarun, |
| Relator term | |
| 700 ## - ADDED ENTRY--PERSONAL NAME | |
| Personal name | Saikia, Runu Borah, |
| Relator term | |
| 942 ## - ADDED ENTRY ELEMENTS (KOHA) | |
| Koha item type | Books |
| 653 ## - INDEX TERM--UNCONTROLLED | |
| Uncontrolled term | Education |
| 653 ## - INDEX TERM--UNCONTROLLED | |
| Uncontrolled term | Indian education |
| Withdrawn status | Lost status | Damaged status | Not for loan | Home library | Current library | Shelving location | Date acquired | Total Checkouts | Full call number | Barcode | Date last seen | Date last checked out | Copy number | Price effective from | Koha item type |
|---|---|---|---|---|---|---|---|---|---|---|---|---|---|---|---|
| Central Library, Naharkatiya College | Central Library, Naharkatiya College | General Stacks | 19/09/2020 | 12 | 370.954 | CHA | 21272 | 05/03/2026 | 19/02/2026 | 1 | 19/09/2020 | Books |
